000 00207nam a22000977a 4500
999 _c16262
_d16262
003 OSt
008 200626b ||||| |||| 00| 0 eng d
100 _aMahajan V.D
_94658
245 _aAncient India
942 _cBK